|
|
|
|
| LEADER |
00000cam a2200000 a 4500 |
| 001 |
43166 |
| 005 |
20230308154456.0 |
| 008 |
979042|1975 ||||||||r|||||||||||spa|| |
| 020 |
|
|
|a 8425001943
|
| 040 |
|
|
|b spa
|
| 041 |
1 |
|
|a spa
|
| 082 |
0 |
|
|a 864.63
|
| 100 |
1 |
|
|a Wellershoff, Dieter
|9 5377
|
| 245 |
1 |
1 |
|a Literatura y Praxis
|c Dieter Wellershoff
|h imp
|
| 264 |
|
|
|a Madrid
|b Ediciones Guadarrama
|c 1975+
|
| 300 |
|
|
|a 131 páginas:
|c 17,5 cm
|
| 650 |
1 |
|
|a Ensayo
|9 5378
|
| 852 |
|
|
|a UC-CDJBV
|c TERCER PISO
|f Compra
|k margarita.gutierrez
|l 1
|m General
|p 19790426
|q 78,00
|r 8
|t 43166
|b 0
|d CDRC
|e CDRC
|g 864.63 TERCER PISO
|z 1979-90-42
|
| 942 |
|
|
|c BK
|
| 999 |
|
|
|c 1904
|d 1904
|